Quizzes
Events
Quiz Creation
Community
Videos
Private Events
Remove Ads
Sign In
Join for FREE
Feedback
Dark Mode
Quiz Categories
Sports
Geography
Music
Movies
Television
Just For Fun
Miscellaneous
History
Literature
Language
Science
Gaming
Entertainment
Religion
Holiday
For Kids
Quiz Lab
Recent
Popular Today
Quiz Kudos Today
Editor Picks
Curator Picks
Quizzes by...
Day
Popularity
Type
Ratings
Length
Year
Community
Subscriptions
Recent Discussions
Orange Saloon
Badges
Playlists
Quests
Create
Leaderboards
Showdown
Live 5
Trivia Bingo
Activity
Puzzle Library
Sporcle Events
Private Events
Virtual Trivia
Globe League
Become a Host
Pub Owners
SporcleCon
Opinionation
Our Games
Videos
Blog
Mobile Apps
Partnerships
Remove Ads and Go Orange
Feedback
History
US Presidents
World Leaders
Politics
Nation
Discovery
War
Decade
Year
Century
Biography
Art
History
US Presidents
World Leaders
Politics
Nation
Discovery
War
Decade
Year
Century
Biography
Art
Random Quiz
Search Sporcle
×
Quiz Lab
Quiz Lab
History
College
Type in answers that appear in a list
Type in answers that appear in a list
Classic
Best Score? Go Orange.
Undergraduate Education of the Obama Cabinet Stats
Can you name the Undergraduate Education of the Obama Cabinet ?
By
agray1907
10m
21 Questions
183 Plays
183 Plays
183 Plays
Comments
Comments
Give Quiz Kudos
Give Quiz Kudos
-
- Ratings
hide this ad
Replay
Link that replays current quiz
Next Quiz
Link to next quiz in quiz playlist
You Got
0%
They Got
Avg Score
48%
Avg Friend Score
Upgrade to see
Score Distribution
Jump to the score distribution portion of the page
Score
0/21
Timer
10:00
0
Plays Today
Administration Member
College or University
% Correct
Secretary of Education Arne Duncan
Harvard University
97.3%
Secretary of HUD Shaun Donovan
Harvard University
97.3%
Director of OMB Jacob Lew
Harvard University
97.3%
President Barack Obama
Columbia University
95.1%
Attorney General Eric Holder
Columbia University
95.1%
Secretary of Commerce John Bryson
Stanford University
84.2%
Ambassador to the UN Susan Rice
Stanford University
84.2%
Vice President Joe Biden
University of Delaware
81.4%
Secretary of the Treasury Tim Geithner
Dartmouth College
77.6%
Secretary of State Hillary Clinton
Wellesley College
51.9%
Secretary of Veterans Affairs Eric Shinseki
United States Military Academy
42.1%
Administration Member
College or University
% Correct
White House Chief of Staff Bill Daley
Loyola University Chicago
23%
Secretary of Energy Steven Chu
University of Rochester
18.6%
Secretary of the Interior Ken Salazar
Colorado College
17.5%
Secretary of Defense Leon Panetta
Santa Clara University
14.2%
Secretary of DHS Janet Napolitano
Santa Clara University
14.2%
Secretary of Agriculture Tom Vilsack
Hamilton College
8.2%
Trade Representative Ron Kirk
Austin College
8.2%
Secretary of Transportation Ray LaHood
Bradley University
7.1%
Secretary of Labor Hilda Solis
California State Polytechnic University-Pomona
4.4%
Secretary of HHS Kathleen Sebelius
Trinity Washington University
3.3%
Quiz Playlist
Details
Report
Send in Message
Add To Playlist
Classic:
Type in answers that appear in a list
Last Updated: Feb 16, 2017
Quiz Scoreboard
CHALLENGE
Sign Up to Join the Scoreboard
Show All
Scores
Hide
Comments
May contain spoilers
Recently Published
Street Fighter Characters
by Artimus82
Gaming
60s
9x9 Crossword: Cartoon Network
by jackfrog10
Miscellaneous
3m
College Basketball Coaching Resumes
by pancakes188
Sports
9m
More to Explore
Quiz From the Vault
Featured Blog Post
Where Did the Easter Bunny Come From?
hide this ad
You Might Also Like...
Tags
College Quiz
University Quiz
Administration
Barack Obama
Cabinet
Education
location
Undergraduate
Today's Top Quizzes in History
Browse History
hide this ad
Today's Top Quizzes in College
Browse College
Top Contributed Quizzes in History
1
Popular People in 1991
2
Popular People in 1981
3
Popular People in 1951
4
Popular People in 1941
5
Popular People in 1986
6
Popular People in 1976
7
Popular People in 1921
8
5-to-1: 20th Century Images of War
9
I Am Born On March 28th
10
Popular People in 1946
Explore More
Trending Topics
Marvel
Kpop
Disney
Crossword
Anime
NBA
Harry Potter
The Office
Puzzle
NFL
Pokémon
WWE
Soccer
Song
Country
hide this ad
More By:
agray1907
Quiz
Plays
Rating
Category
Featured
Created
Undergraduate Education of US Senators
506
3.83
History
Oct 3, 2011
Undergraduate Education of the Clinton Cabinet
183
4.00
History
Oct 8, 2011
Undergraduate Education of the Obama Cabinet
183
History
Oct 8, 2011
Undergraduate Education of the Ronald Reagan Cabinet
178
4.00
History
Oct 8, 2011
Undergraduate Education of the George W. Bush Cabinet
169
3.00
History
Oct 8, 2011
Go to Creator's Profile
Score Distribution
Quiz Creator Spotlight
agray1907
Follow
Send a Message
Quizzes Created
-
Created Quiz Play Count
-
More By This Creator
Popular Quizzes Today
1
Find the US States - No Outlines Minefield
2
Find the Countries of Europe - No Outlines Minefield
3
The Countries of the World
4
Find the US States
5
Risky Map Clicking: Biggest States A-Z
6
US States
7
Popular People in 1961
8
Movies - When Are They Set?
More History Quizzes
History Books: The Subtitles VI
Published
Trending Quizzes
Risky Map Clicking: Least Populous States A-Z
1-10 Letter G Words
Risky Map Clicking: Next State Alphabetically
Adjectives in 80s TV Shows
The Seven Year Switch: Catherine
Recently Updated
Leaping Animals
pecheneg
Reality TV Shows (A-Z)
bhenderson79
Rickey Henderson's Hall of Fame Teammates
pecheneg
Champions League XIs: Arsenal
pecheneg
Quick Pick: Celebrities in WWE's Hall of Fame
aduchscher
A-Z Keypad Blitz II
pecheneg
Multiple Oscar Actors
pecheneg
Mystery Phrase Blitz: Oscar 'Best Actors'
pecheneg
F. Scott Fitzgerald Novels
LTH
Pick 3 Villains
ddd62291
Trending Topics
Disney
NBA
Kpop
Harry Potter
Anime
Marvel
Crossword
Pokémon
WWE
Country
NFL
Soccer
Song
Puzzle
The Office
Your Account Isn't Verified!
In order to create a playlist on Sporcle, you need to verify the email address you used during registration. Go to your
Sporcle Settings
to finish the process.
Report this User
Report this user for behavior that violates our
Community Guidelines
.
Details:
Send Report
Go to the Sporcle.com Mobile Site →
Comments